00225nam a22000977a 4500082001400000100001500014245003900029260004000068300000800108650001100116 a291.4 VYA aVyas, R.N. aMelody of Bhakti and Enlightenment aNew DelhibCosmo Publicationsc1983 a215 aBhakti